| 000 | 00347nam a2200145Ia 4500 | ||
|---|---|---|---|
| 008 | 150201s1960 xx 000 0 und d | ||
| 082 |
_a616.0757 _bR1960B |
||
| 100 | _aBRUCE WALLANCE | ||
| 245 | _aRADIATION GENES & MAN | ||
| 250 | _a1ST | ||
| 260 |
_bMETHUEN & COP _aDELHI _c1960 |
||
| 300 | _a1-205 | ||
| 650 | _aORAL MEDICINE | ||
| 942 |
_2ddc _cBK |
||
| 999 |
_c3267 _d3267 |
||